| 000 | 00570nam a2200193 i 4500 | ||
|---|---|---|---|
| 001 | 72393 | ||
| 003 | ES-MaACL | ||
| 005 | 20230906171427.0 | ||
| 007 | t| | ||
| 008 | 040901s1967 sp |||| | spa d | ||
| 080 | _a265.6(04) | ||
| 100 | 1 |
_aGirard, Raymond. _957225 |
|
| 245 | 1 | 3 |
_aLa misión salvadora de Jesucristo / _cRaymond Girard ; [versión española por F. Díaz de Cerio]. |
| 260 |
_aBilbao : _bMensajero, _c1967. |
||
| 300 |
_a92 p. ; _c19 cm. |
||
| 650 | 0 | 4 |
_aPenitencia. _915920 |
| 700 | 1 |
_aDíaz de Cerio, Florián. _944222 |
|
| 852 |
_aES-MaACL _jC-25060 |
||
| 999 |
_c72393 _d72393 |
||